Viaje al pais de los matreros /

Guardado en:
Autor Principal: Fray Mocho
Otros Autores: Alvarez, José S.
Formato: Libro
Publicado: Buenos Aires : Estrada, 1956
Materias:
Etiquetas: Agregar Etiqueta
Sin Etiquetas, Sea el primero en etiquetar este registro!
LEADER 00584nam a22002055a 4500
001 CEM.cems002613
005 20101125113401.0
008 130507s1956##################000#0#####d
003 CEMS
082 0 4 |a A863.4 
100 1 |a Fray Mocho 
245 1 0 |a Viaje al pais de los matreros /  |c Fray Mocho [seudónimo] 
260 |a Buenos Aires :  |b Estrada,  |c 1956 
300 |a 134 p. 
653 |a Literatura 
653 |a Literatura argentina-siglo 20 
653 |a Novelas 
653 |a Novela argentina 
700 1 |a Alvarez, José S. 
859 |a CEMS  |b BIB. CEMS - 11 de abril  |h A863.4  |i F869  |p 9456.81  |t Ej.1